Statistiques concernant Les derniers joueurs sélectionnés en équipe de France

Cliquez ici pour prendre le quiz!

Statistiques générales

  • Ce quiz a été pris 79 fois
  • Le résultat moyen est 88 sur 115

Statistiques - réponses

NuméroJoueur% Correct
7Antoine Griezmann
98%
10Kylian Mbappé
98%
9Olivier Giroud
97%
21Lucas Hernandez
95%
11Ousmane Dembélé
95%
22Théo Hernandez
95%
16Mike Maignan
88%
23Alphonse Aréola
85%
2Benjamin Pavard
83%
4Dayot Upamecano
80%
6 | 21Eduardo Camavinga
80%
5Jules Koundé
80%
20Kingsley Coman
78%
12Randal Kolo Muani
78%
14Adrien Rabiot
77%
8Aurélien Tchouameni
77%
8Aurélien Tchouaméni
77%
Juin 2023 : 1 | Mars 2024 : 1 | Novembre 2023 : 1 | +2 othersBrice Samba
77%
6Khéphren Thuram
77%
15Marcus Thuram
77%
8 | 18Warren Zaire-Emery
75%
13Ibrahima Konaté
74%
13Ibrahima Konate
74%
17Wesley Fofana
69%
6 | 18 | 19Youssouf Fofana
69%
19Jordan Veretout
68%
17William Saliba
66%
2 | 3Jonathan Clauss
65%
7Matteo Guendouzi
52%
20Moussa Diaby
49%
3Axel Disasi
48%
18Christopher Nkunku
45%
14 | 18 | 19Boubacar Kamara
32%
4Malo Gusto
32%
13 | 17Jean-Clair Todibo
29%
5Castello Lukeba
20%

Distribution des résultats

Percentile par nombre de réponses

% des personnes avec chaque résultat

Votre développement - résultats

Vous n’avez pas pris ce quiz